Leviatán o la materia, forma y poder de un estado eclesiástico y civil
Kaydedildi:
| Yazar: | |
|---|---|
| Materyal Türü: | Kitap |
| Dil: | İspanyolca |
| Baskı/Yayın Bilgisi: |
Madrid
Alianza S. A
2009
|
| Edisyon: | 2a. ed |
| Konular: | |
| Etiketler: |
Etiketle
Etiket eklenmemiş, İlk siz ekleyin!
|
MARC
| LEADER | 00000cam a2200000 a 4500 | ||
|---|---|---|---|
| 001 | UCE8919 | ||
| 003 | CL-VaPUC | ||
| 008 | 150911e20090000sp |||||||||||||||||spa|d | ||
| 020 | |a 9788420682808 | ||
| 082 | 0 | 4 | |a 320.101 |b HOB |2 21 |
| 100 | |a Hobbes, Thomas |e author |9 223165 | ||
| 245 | 1 | 0 | |a Leviatán o la materia, forma y poder de un estado eclesiástico y civil |
| 250 | |a 2a. ed | ||
| 300 | |a 580 p | ||
| 942 | |c BK | ||
| 945 | |d 20150911 12:29:00 |a dcastane | ||
| 260 | |a Madrid |b Alianza S. A |c 2009 | ||
| 650 | 7 | |a TEORIA POLITICA |2 CL-VaPUC |9 581649 | |
| 650 | 0 | |a Estado y sociedad |9 345536 | |
| 583 | |a last modification |c 20150911 12:29:00 |k Rodrigo Vera | ||
| 999 | |c 360681 |d 360679 | ||
| 952 | |0 0 |1 0 |3 erb |4 0 |6 320_101000000000000_HOB_2009 |7 0 |8 A |9 470568 |a BIBEDU |b BIBEDU |i 5197848 |l 1 |o 320.101 HOB 2009 |p 5197848 |r 2024-09-10 |s 2024-08-27 |w 2019-11-23 |y BK |z Catalogado en:20150911 |k FIL | ||